MARC details
| 000 -LEADER |
| fixed length control field |
01823nam a2200289 i 4500 |
| 003 - CONTROL NUMBER IDENTIFIER |
| control field |
CSPC |
| 005 - DATE AND TIME OF LATEST TRANSACTION |
| control field |
20260116135548.0 |
| 008 - FIXED-LENGTH DATA ELEMENTS--GENERAL INFORMATION |
| fixed length control field |
260116s2024 ii a b 001 0 eng d |
| 020 ## - INTERNATIONAL STANDARD BOOK NUMBER |
| International Standard Book Number |
9789395791519 |
| 040 ## - CATALOGING SOURCE |
| Original cataloging agency |
CSPC |
| Language of cataloging |
eng |
| Transcribing agency |
CSPC |
| Description conventions |
rda |
| 082 04 - DEWEY DECIMAL CLASSIFICATION NUMBER |
| Classification number |
338.04 |
| Item number |
Sh233e |
| 100 1# - MAIN ENTRY--PERSONAL NAME |
| Personal name |
Sharma, Yogita, |
| Relator term |
author. |
| 245 00 - TITLE STATEMENT |
| Title |
Entrepreneurial development / |
| Statement of responsibility, etc. |
Yogita Sharma and Priya Goel. |
| 264 #1 - PRODUCTION, PUBLICATION, DISTRIBUTION, MANUFACTURE, AND COPYRIGHT NOTICE |
| Place of production, publication, distribution, manufacture |
New Delhi, India : |
| Name of producer, publisher, distributor, manufacturer |
Academic University Press, |
| Date of production, publication, distribution, manufacture, or copyright notice |
2024. |
| 300 ## - PHYSICAL DESCRIPTION |
| Extent |
x, 401 pages : |
| Other physical details |
illustrations ; |
| Dimensions |
24 cm. |
| 336 ## - CONTENT TYPE |
| Source |
rdacontent |
| Content type term |
text |
| 337 ## - MEDIA TYPE |
| Source |
rdamedia |
| Media type term |
unmediated |
| 338 ## - CARRIER TYPE |
| Source |
rdacarrier |
| Carrier type term |
volume |
| 504 ## - BIBLIOGRAPHY, ETC. NOTE |
| Bibliography, etc. note |
Includes bibliographical references and index. |
| 505 0# - FORMATTED CONTENTS NOTE |
| Formatted contents note |
Chapter 1: introduction -- Chapter 2: entrepreneurship development and small business management -- Chapter 3: theories of entrepreneurship -- Chapter 4: entrepreneur and entrepreneurship -- Chapter 5: entrepreneurship development and government -- Chapter 6: business planning process -- Chapter 7: programmes of entrepreneur development -- Chapter 8: development of public enterprises -- Chapter 9: entrepreneurial marketing management -- Chapter 10: entrepreneurial growth and entrepreneurial process -- Chapter 11: entrepreneurship power and business strategy -- Chapter 12: role of creativity and innovation in entrepreneurship -- Chapter 13: social entrepreneurship -- Chapter 14: relevance of technology in entrepreneurship -- Chapter 15: role of finances in entrepreneurship. |
| 650 #4 - SUBJECT ADDED ENTRY--TOPICAL TERM |
| Topical term or geographic name entry element |
Entrepreneurship. |
| 650 #4 - SUBJECT ADDED ENTRY--TOPICAL TERM |
| Topical term or geographic name entry element |
Entrepreneurial development. |
| 650 #4 - SUBJECT ADDED ENTRY--TOPICAL TERM |
| Topical term or geographic name entry element |
Business management/ Small business. |
| 700 1# - ADDED ENTRY--PERSONAL NAME |
| Personal name |
Goel, Priya, |
| Relator term |
author. |
| 942 ## - ADDED ENTRY ELEMENTS (KOHA) |
| Source of classification or shelving scheme |
Dewey Decimal Classification |
| Suppress in OPAC |
No |
| Koha item type |
Books |
| Classification part |
338.04 |
| Item part |
Sh233e |
| Call number prefix |
CIR |
| Call number suffix |
2024 |